| Tag |
First Indicator |
Second Indicator |
Subfields |
| LEADER |
00000cam a2200000 a 4500 |
| 001 |
in00001472811 |
| 005 |
20151021055344.0 |
| 008 |
981106r19991996deu b 000 0 eng |
| 010 |
|
|
|a 98050110
|
| 020 |
|
|
|a 0872071987 (alk. paper)
|
| 035 |
|
|
|a (OCoLC)40359360
|
| 035 |
|
|
|9 AJF3531AM
|
| 040 |
|
|
|a DLC
|c DLC
|d TXA
|d UtOrBLW
|
| 043 |
|
|
|a u-at---
|
| 049 |
|
|
|a TXAM
|
| 050 |
0 |
0 |
|a LB1576.7
|b .T42 1999
|
| 082 |
0 |
0 |
|a 371.33/4
|2 21
|
| 245 |
0 |
0 |
|a Teaching literacy using information technology :
|b a collection of articles from the Australian Literacy Educators' Association /
|c Joelie Hancock, editor.
|
| 264 |
|
1 |
|a Newark, Del. :
|b International Reading Association ;
|a Carlton South, Vic., Australia :
|b Australian Literacy Educators' Association,
|c [1999]
|
| 264 |
|
4 |
|c ©1999
|
| 300 |
|
|
|a vi, 132 pages ;
|c 23 cm.
|
| 336 |
|
|
|a text
|b txt
|2 rdacontent
|
| 337 |
|
|
|a unmediated
|b n
|2 rdamedia
|
| 338 |
|
|
|a volume
|b nc
|2 rdacarrier
|
| 504 |
|
|
|a Includes bibliographical references.
|
| 650 |
|
0 |
|a Language arts
|z Australia
|x Computer-assisted instruction.
|
| 650 |
|
0 |
|a Internet in education
|z Australia.
|
| 650 |
|
0 |
|a Computers and literacy
|z Australia.
|
| 700 |
1 |
|
|a Hancock, Joelie.
|
| 710 |
2 |
|
|a Australian Literacy Educators' Association.
|
| 710 |
2 |
|
|a International Reading Association.
|
| 948 |
|
|
|a c:pk
|
| 999 |
|
|
|a MARS
|
| 999 |
f |
f |
|s 503aeee5-1196-3030-8a88-04e68fd2e691
|i a4e12d60-edba-36f2-ad60-6f8f85b625ea
|t 0
|
| 952 |
f |
f |
|p normal
|a Texas A&M University
|b College Station
|c Sterling C. Evans Library
|d Evans: Library Stacks
|t 0
|e LB1576.7 .T42 1999
|h Library of Congress classification
|i unmediated -- volume
|m A14825202789
|
| 998 |
f |
f |
|a LB1576.7 .T42 1999
|t 0
|l Evans: Library Stacks
|